000 01562cam a2200433 a 4500
001 3297578
003 OSt
005 20210417110328.0
008 830603s1983 nyu b 001 0 eng
010 _a 83042766
020 _a0394402294 :
_c$25.00
040 _aDLC
_beng
_cDLC
_dDLC
050 0 0 _aCB69
_b.B66 1983
051 _aCB69
_b.B66 1983 Copy 7
_cCopy 7. Inscribed by the author to Clare Boothe Luce. Bequest of Clare Boothe Luce, 1989.
051 _aCB69
_b.B66 1983 Copy 8
_cCopy 8. Signed by the author.
080 _a94
_bB-69
082 0 0 _a909
_219
100 1 _aBoorstin, Daniel J.
_q(Daniel Joseph),
_d1914-2004.
245 1 4 _aThe discoverers /
_cDaniel J. Boorstin.
250 _a1st ed.
260 _aNew York :
_bRandom House,
_cc1983.
300 _axvi, 745 p. ;
_c24 cm.
500 _aIncludes index.
504 _aBibliography: p. [717]-718.
650 0 _aCivilization
_xHistory.
650 0 _aDiscoveries in geography.
650 0 _aScience
_xHistory.
653 _aისტორია
653 _aგეოგრაფია
653 _aცივილიზაცია
653 _aმეცნიერება
700 1 _aLuce, Clare Boothe,
_d1903-1987,
_eformer owner.
710 2 _aDaniel J. Boorstin Collection (Library of Congress)
_5DLC
856 4 2 _3Publisher description
_uhttp://www.loc.gov/catdir/description/random0411/83042766.html
906 _a7
_bcbc
_corignew
_d1
_eocip
_f19
_gy-gencatlg
942 _2udc
_cBK
987 _bRBSCDRECON
_c20190306
_dr
_fBIB FILE MAINT.
999 _c192
_d192